| 000 | 01104cab a22001935a 4500 | ||
|---|---|---|---|
| 001 | L144912 | ||
| 008 | 080820e20080620xxko f 000 0 eng d | ||
| 035 | _a(Sirsi) u144912 | ||
| 041 | 0 | _aeng | |
| 100 | 1 | _aBrandon, Simon | |
| 245 | 0 | 0 | _aSome assembly required |
| 260 | _c2008 | ||
| 490 |
_aInside Housing _v20 June 2008, 61-65(3) |
||
| 520 | _aPresents offsite construction. Shows that construction time is reduced. Suggests that there could be gain of money through economies of scale and if streamline building processes are put into place. Explains that offsite construction improves quality: checks can easily be done as products are standardised. States that these constructions can be sustainable. Reviews three offsite building processes: the offsite construction; the panellised construction; and the hybrid construction. Presents the Design for Manufacture competition, which goal was to prove the possibility of building a good and sustainable house for £60,000 or less. | ||
| 590 | _aKA | ||
| 651 | 4 |
_aUnited Kingdom _y |
|
| 690 | _aBUILT ENVIRONMENT-CONSTRUCTION DESIGN | ||
| 942 | _n0 | ||
| 999 |
_c80639 _d80639 |
||